| 000 | 00579cam a2200193Ia 4500 | ||
|---|---|---|---|
| 020 | _a0764552201 | ||
| 040 | _cHT# | ||
| 082 | 0 | 4 | _a658 WID 2000 C146 Or. |
| 100 | 1 | _aMutz, John. | |
| 245 | 1 | 0 | _aFundraising for dummies / |
| 260 |
_aIndianapolis, IN : _bWiley Pub., _cc2000. |
||
| 300 |
_axxiv, 359 p. : _bill. ; _c24 cm. |
||
| 500 | _aIncludes index. | ||
| 650 | 0 | _aFund raising. | |
| 700 | 1 | _aMurray, Katherine, | |
| 856 | 4 | 2 | _uhttp://www.loc.gov/catdir/description/wiley038/00101101.html |
| 856 | 4 | 1 | _uhttp://www.loc.gov/catdir/toc/wiley021/00101101.html |
| 942 | _cAEDBB | ||
| 999 |
_c18503 _d18503 |
||